Most densely populated countries in the world - Statistics

General Stats
  • This quiz has been taken 13 times
  • The average score is 17 of 25
Answer Stats
Density (km^2) Answer % Correct
1633 Malta
90%
18960 Monaco
90%
567 San Marino
90%
396 Tuvalu
90%
924 Vatican City
90%
1174 Bangladesh
80%
375 Belgium
80%
411 India
80%
333 Japan
80%
620 Mauritius
80%
533 Nauru
80%
7894 Singapore
80%
421 Netherlands
70%
516 South Korea
70%
416 Haiti
60%
418 Israel
60%
1257 Maldives
60%
332 Sri Lanka
60%
1982 Bahrain
50%
469 Comoros
50%
672 Lebanon
50%
667 Barbados
40%
363 Philippines
40%
469 Rwanda
40%
403 Burundi
20%
No matching quizzes found
Score Distribution
Percent of People with Each Score
Percentile by Number Answered
Your Score History
You have not taken this quiz